000 00862cab a22002055a 4500
001 L143960
008 980607e20080607xxkd f s 000 0 eng d
035 _a(Sirsi) u143960
041 0 _aeng
110 2 _aInvestment Property Forum
_92112
245 0 0 _aIPF forecast survey
_bJune
260 _c2007
490 0 _aEstates Gazette
_v(0822) 7 June 2008, 48-49(3)
520 _aIPF consensus forecast survey for March 2008 shows that the forecasted total return on property has fallen again sharply from -2.6% to -5.2%. Rental and capital forecasts have been scaled back for 2008 and 2009. The hoped for partial recovery for 2009 now looks very unlikely. Includes tables and charts.
590 _aKA
650 2 4 _aIPF CONSENSUS FORECAST SURVEY
651 4 _aUnited Kingdom
_y
690 _aPROPERTY-COMMERCIAL PROPERTY-COMMERCIAL PROPERTY MARKET
942 _n0
999 _c80326
_d80326